000
00355nam a22001577a 4500
003
MPLRDC
005
20220104124120.0
008
210129b ||||| |||| 00| 0 eng d
082
_a
868.8 LZ
100
_a
林臻
245
_a
风下游拾
_c
260
_a
_b
万里书局
_c
1980
300
_b
平
650
_a
新加坡文学
942
_c
BK
_o
868.8 LZ
999
_c
16765
_d
16755